| 000 | 01065nam a2200289 a 4500 | ||
|---|---|---|---|
| 001 | |||
| 003 | DO-SdBNP | ||
| 005 | 20210722111016.0 | ||
| 008 | 091106s1975 dr a 000 j spa d | ||
| 040 |
_aBPMSU _bspa _cBPMSU |
||
| 082 |
_aRD863.44 _bD542m, 1975 _222 |
||
| 100 | 1 |
_aDíaz Grullón, Virgilio, _d1924-2001 |
|
| 245 | 1 | 0 |
_aMás allá del espejo / _cVirgilia Díaz Grullón ; presentación Héctor Incháutegui Cabral ; ilustración Victoria Díaz Bonnelly ; estudio crítico Marianne de Tolentino. |
| 260 |
_aSanto Domingo : _bTaller, _c1975 |
||
| 300 |
_a116 p. : _bil. ; _c21 cm. |
||
| 490 | 0 |
_aArte y sociedad _v1 |
|
| 500 | _aIncluye datos biográficos del autor en la contracubierta | ||
| 590 | _aInventariado, 2021/VM | ||
| 600 | 1 | 4 |
_aDíaz Grullón, Virgilio _d1924-2001 _xCrítica e interpretación |
| 650 | 4 | _aCuentos dominicanos | |
| 650 | 4 | _aLiteratura dominicana. | |
| 700 | 1 | 2 | _aIncháustegui Cabral, Héctor |
| 700 | 1 |
_aDíaz Bonnelly, Víctoria, _eil. |
|
| 700 | 1 | _aTolentino, Marianne de | |
| 910 | _aVMateo M | ||
| 942 |
_2ddc _cBK |
||
| 999 |
_c13598 _d13598 |
||